|
|
|
|
| LEADER |
00000nab a2200000 ar4500 |
| 001 |
vtls008998073 |
| 003 |
SK-MaSNL |
| 005 |
20260303065830.0 |
| 008 |
070614c20070606xo mr|p|||||||000 b|slo |
| 015 |
|
|
|a SNKBUCL2007/06
|2 snkbucl
|
| 038 |
|
|
|a SNKBUCL
|
| 040 |
|
|
|a SNKBUCL
|b slo
|c SNKBUCL
|e AACR2
|
| 041 |
0 |
|
|a slo
|
| 044 |
|
|
|a xo
|c SK
|
| 080 |
|
|
|a 796.332.071.42
|2 2001
|
| 100 |
1 |
|
|a Lehoťan, Ivor,
|d 1966-
|4 ivr
|9 105454
|
| 245 |
1 |
0 |
|a Muž pre výsledky 4:3
|b nový tréner Ružomberka Přemysl Bičovský si vybral za jedného svojho asistenta Pavla Chaloupku, ďalším je Viliam Hyravý
|c [zhováral sa] Ivor Lehoťan
|
| 300 |
|
|
|b Fotogr.
|
| 610 |
2 |
7 |
|a MFK Ružomberok
|2 snkbucl
|9 857510
|
| 648 |
|
7 |
|a 2007
|2 snkbucl
|9 313226
|
| 650 |
0 |
7 |
|a futbal
|2 snkbucl
|9 3291
|
| 650 |
0 |
7 |
|a nastúpenie do funkcie
|2 snkbucl
|9 1066425
|
| 700 |
1 |
|
|a Bičovský, Přemysl
|4 ive
|9 1015048
|
| 773 |
0 |
|
|t Šport
|g Roč. 61, č. 129 (6.6.2007), s. 13
|x 0139-7001
|
| 852 |
|
|
|a SNK
|b KIS3GCP
|
| 999 |
|
|
|c 1752916
|d 1754846
|